<?xml version="1.0" encoding="UTF-8"?>
<record
    xmlns:xsi="http://www.w3.org/2001/XMLSchema-instance"
    xsi:schemaLocation="http://www.loc.gov/MARC21/slim http://www.loc.gov/standards/marcxml/schema/MARC21slim.xsd"
    xmlns="http://www.loc.gov/MARC21/slim">

  <leader>00863nam0a2200253   4500</leader>
  <controlfield tag="001">RU\NLR\bibl\1963422</controlfield>
  <controlfield tag="005">20250616205258.0</controlfield>
  <datafield tag="035" ind1=" " ind2=" ">
    <subfield code="a">(NLR-PROSOFT)rc\3107129</subfield>
  </datafield>
  <datafield tag="035" ind1=" " ind2=" ">
    <subfield code="a">(NLR Aleph) 001952406</subfield>
  </datafield>
  <datafield tag="090" ind1=" " ind2=" ">
    <subfield code="a">3713325</subfield>
    <subfield code="c">3713325</subfield>
  </datafield>
  <datafield tag="100" ind1=" " ind2=" ">
    <subfield code="a">20110914d1931    |||y0rusy50      ca</subfield>
  </datafield>
  <datafield tag="101" ind1="0" ind2=" ">
    <subfield code="a">rus</subfield>
  </datafield>
  <datafield tag="102" ind1=" " ind2=" ">
    <subfield code="a">RU</subfield>
  </datafield>
  <datafield tag="105" ind1=" " ind2=" ">
    <subfield code="a">y   z   |||||</subfield>
  </datafield>
  <datafield tag="200" ind1="1" ind2=" ">
    <subfield code="a">&#x420;&#x430;&#x431;&#x43E;&#x442;&#x43D;&#x438;&#x446;&#x44B; &#x438; &#x43A;&#x43E;&#x43B;&#x445;&#x43E;&#x437;&#x43D;&#x438;&#x446;&#x44B; &#x432; &#x440;&#x44F;&#x434;&#x44B; &#x41E;&#x417;&#x415;&#x422;&#x430;!</subfield>
    <subfield code="f">&#x421;. &#x411;&#x43B;&#x44E;&#x43C;&#x431;&#x435;&#x440;&#x433;</subfield>
  </datafield>
  <datafield tag="210" ind1=" " ind2=" ">
    <subfield code="a">&#x41C;&#x43E;&#x441;&#x43A;&#x432;&#x430;</subfield>
    <subfield code="c">&#x438;&#x437;&#x434;-&#x432;&#x43E; &#x426;&#x421; &#x41E;&#x417;&#x415;&#x422;</subfield>
    <subfield code="d">1931</subfield>
    <subfield code="g">&#x442;&#x438;&#x43F;. &#x438;&#x437;&#x434;-&#x432;&#x430; "&#x414;&#x435;&#x440; &#x44D;&#x43C;&#x435;&#x441;"</subfield>
  </datafield>
  <datafield tag="215" ind1=" " ind2=" ">
    <subfield code="a">8 &#x441;.</subfield>
    <subfield code="d">18&#x445;13</subfield>
  </datafield>
  <datafield tag="325" ind1="1" ind2=" ">
    <subfield code="a">&#x41C;&#x438;&#x43A;&#x440;&#x43E;&#x444;&#x438;&#x43B;&#x44C;&#x43C; &#x420;&#x41D;&#x411; &#x420;&#x435;&#x43F;&#x440;&#x43E;&#x446;&#x435;&#x43D;&#x442;&#x440; &#x421;&#x430;&#x43D;&#x43A;&#x442;-&#x41F;&#x435;&#x442;&#x435;&#x440;&#x431;&#x443;&#x440;&#x433;, 2012. &#x428;&#x438;&#x444;&#x440;: &#x41C;&#x444; &#x41A;1/34895</subfield>
  </datafield>
  <datafield tag="700" ind1=" " ind2="1">
    <subfield code="a">&#x411;&#x43B;&#x44E;&#x43C;&#x431;&#x435;&#x440;&#x433;</subfield>
    <subfield code="b">&#x421;.</subfield>
  </datafield>
  <datafield tag="801" ind1=" " ind2="0">
    <subfield code="a">RU</subfield>
    <subfield code="b">NLR</subfield>
    <subfield code="c">20110914</subfield>
  </datafield>
  <datafield tag="801" ind1=" " ind2="1">
    <subfield code="a">RU</subfield>
    <subfield code="b">NLR</subfield>
    <subfield code="c">20121102</subfield>
  </datafield>
  <datafield tag="852" ind1=" " ind2=" ">
    <subfield code="a">NLR</subfield>
    <subfield code="j">31-8/4728</subfield>
  </datafield>
  <datafield tag="942" ind1=" " ind2=" ">
    <subfield code="c">BOOK</subfield>
  </datafield>
  <datafield tag="980" ind1=" " ind2=" ">
    <subfield code="a">NB</subfield>
  </datafield>
  <datafield tag="995" ind1=" " ind2=" ">
    <subfield code="5">2012-11-13</subfield>
    <subfield code="a">ab</subfield>
    <subfield code="b">NLR01</subfield>
    <subfield code="c">NLR01</subfield>
    <subfield code="e">FM</subfield>
    <subfield code="f">3766438</subfield>
    <subfield code="k">&#x41C;&#x444; &#x41A;1/34895</subfield>
    <subfield code="o">0</subfield>
    <subfield code="r">BOOK</subfield>
    <subfield code="s">_134895</subfield>
  </datafield>
</record>
